000 00576nam a2200241Ia 4500
003 OSt
005 20221005125703.0
006 a|||||r|||| 00| 0
007 ta
008 221004b |||||||| |||| 00| 0 tam d
024 _a50316
037 _cTextual
040 _aCRL
_cCRL
_btam
041 _2tam
_atam
082 _aO31,3NEL,34, K7
100 _aEllarvi
_9625423
245 0 _aPongiya pal
260 _c1967
300 _a160
_ccm.
650 _aTAMIL FICTION
942 _hO31,3NEL,34, K7
_cTEXL
_2cc
999 _c1054753
_d1054753